Statystyki dla Piastowie

Kliknij tutaj aby rozwiązać quiz!

Ogólne statystyki

  • Ten quiz został rozwiązany 364 razy
  • Średni wynik to 5 z 15

Statystyki odpowiedzi

HintOdpowiedź% Poprawnych
Podzielił kraj pomiędzy synówBolesław Krzywousty
73%
Był przyrodnim bratem księcia nr 7Władysław Łokietek
58%
Jedyny król Polski tego imieniaPrzemysł II
55%
Dzielił imię z wnukiem Bolesława ChrobregoKazimierz Odnowiciel
41%
A jego dzielnicę odziedziczył młodszy brat.Kazimierz Sprawiedliwy
39%
Książę o tym samym przydomkuHenryk Pobożny
37%
Odziedziczył tron krakowski po księciu nr 6Leszek Czarny
37%
Ojciec księcia nr 8Kazimierz I
35%
Wyruszył do Ziemi Świętej, był synem powyższegoHenryk Sandomierski
31%
Umarł bezpotomnie, był wnukiem powyższegoBolesław Wstydliwy
29%
Stryj powyższegoBolesław Pobożny
28%
Porwał i uwięził tego księciaHenryk Probus
26%
Książę nr 14 zawarł układ na przeżycie z tym wielkopolskim księciemWładysław Laskonogi
22%
Jego ojciecBolesław Rogatka
21%
Wnuk powyższego, żonaty z córką drugiego z wymienionych książąt.Henryk Brzuchaty
17%

Rozkład punktacji

Percentyl według liczby udzielonych odpowiedzi

Procent ludzi z każdym wynikiem

Twoja historia wyników

Nie rozwiązałeś tego quizu